Diabetická nefropatia

Podrobná bibliografia
Hlavný autor: Davani, Arash (Autor)
Médium: Článok
Jazyk:slovenčina
Predmet:

MARC

LEADER 00000nab a2200000 a 4500
001 vtls001495820
003 SK-MaSNL
005 20260304140618.0
008 250505c2002 xo g 0 slo
015 |a SNBCL2005/2 
035 |a (sysno)vtls001495820 
035 |a urn:nbn:sk:snk-ab6x00 
035 |a (uuid)72b95965-4cda-4287-8e3f-5375a7697c79 
035 |a (urnnbn)urn:nbn:sk:snk:ar-a063l1 
040 |a SNKBUCL  |b slo  |c SNKBUCL  |e AACR2 
041 1 |a slo  |h slo 
044 |a xo  |c SK 
080 |a 616.379-008.64-06:616.61-002  |2 1981 
100 1 |a Davani, Arash  |u I. interná klinika MFN, Martin  |4 aut  |9 874578 
245 1 0 |a Diabetická nefropatia  |c Arash Davani 
504 |a Res. slov. 
650 0 7 |a diabetická nefropatia  |2 MESH  |9 65928 
650 0 7 |a techniky a postupy laboratórne  |x využitie  |2 MESH  |9 852264 
650 0 7 |a krvný tlak  |2 MESH  |9 83013 
650 0 7 |a diabetická diéta  |2 MESH  |9 87878 
650 0 7 |a hemodialýza  |2 MESH  |9 2478 
773 0 |t Diabetik  |g Roč. 1, č. 4 (2002), s. 17 
850 |a Slovenská národná knižnica 
852 |a Slovenská národná knižnica 
954 |a odborná, vedecká literatúra pôvodná (slovenská)  |2 lita 
958 |a article27 
958 |a OND 
958 |a EUIPO 
999 |c 2915949  |d 2917879